000 02023nam a2200577 i 4500
001 42773
003 KOSZ 005
005 20230103130733.0
008 021105s2002 pl |000 0 pol
015 _aUWD 2002/18184
020 _a8388010077
035 _a991019721819705066
035 _a(PL-WaBN)b15345543-48omnis_nlop
035 _ab15345543
035 _a(OCoLC)830373159
035 _azz2002903784
035 _a(PL)b0000001534554
035 _a(EXLNZ-48OMNIS_NETWORK)9910479860705606
040 _aWA N
_cWA N
_dKOSZ 005/HR
041 1 _apol
_hfre
046 _k2002
080 _a346.7(4-67)
080 _a663
080 _a664
080 _a351.77
080 _a614.3
245 0 0 _aPrawo żywnościowe Unii Europejskiej /
_cpod red. Elżbiety Niteckiej i Mieczysława Obiedzińskiego ; Fundacja Programów Pomocy dla Rolnictwa (FAPA), Ministerstwo Rolnictwa i Rozwoju Wsi.
250 _aWyd. 2.
260 _aWarszawa :
_bFPPdR (FAPA),
_c2002.
300 _a272 s. ;
_c21 cm.
336 _aTekst
_btxt
_2rdacontent
337 _aBez urządzenia pośredniczącego
_bn
_2rdamedia
338 _aWolumin
_bnc
_2rdacarrier
380 _aKsiążki
388 _a2001-
504 _aBibliogr.
546 _aRozporządzenia i dyrektywy UE tł. z fr.
650 7 _aBezpieczeństwo żywności
_2DBN
650 7 _aJakość żywności
_2DBN
650 7 _aPrawo Unii Europejskiej
_2DBN
650 7 _aŻywność
_2DBN
658 _aPrawo i wymiar sprawiedliwości
658 _aRolnictwo i leśnictwo
700 1 _aNitecka, Elżbieta
_eRedakcja
700 1 _aObiedziński, Mieczysław
_eRedakcja
710 2 _aFundacja Programów Pomocy dla Rolnictwa FAPA
710 2 _aMinisterstwo Rolnictwa i Rozwoju Wsi (Polska)
856 _uhttp://koha.tu.koszalin.pl/cgi-bin/koha/opac-detail.pl?biblionumber=42773
_yKatalog online BPK
942 _2UKD
_cKS
999 _c42773
_d42773